Szczegóły MARC21

Rodzina : biologiczne i psychiczne podstawy jej funkcjonowania /

003 -Nazwa inst., której nr kontr. jest w polu 001 [,]
    • @
    • Nazwa instytucji, której n kontrolny jest w polu 001
    • NUKAT
005 -DATA I CZAS OSTATNIEJ MODYFIKACJI [,]
    • @
    • pole kontrolne
    • 20241231095103.0
020 -Międzynarod. znormalizowany nr książki - ISBN [ , ]
    • a
    • Numer ISBN
    • 8390500485 Find
    • q
    • Dopowiedzenie
    • Wydział Filozoficzny TJ
020 -Międzynarod. znormalizowany nr książki - ISBN [ , ]
    • a
    • Numer ISBN
    • 8370973132 Find
    • q
    • Dopowiedzenie
    • Wydawnictwo WAM
040 -Instytucja sporządzająca opis [ , ]
    • a
    • Instytucja, która sporządziła opis (NP)
    • LUBL M/mm
    • c
    • Instytucja, która sporządziła rekord (NP)
    • LUBL M/mm
    • d
    • Instytucja, która zmodyfikowała rekord (P)
    • LUBL M/JD
    • d
    • Instytucja, która zmodyfikowała rekord (P)
    • KR U/42KJs
041 -Język dokumentu [0, ]
    • a
    • Język tekstu (P)
    • polski
    • b
    • Język streszczeń lub abstraktu (P)
    • włoski
942 -Rodzaj dokumentu [ , ]
    • c
    • Rodzaj dokumentu
    • Książka
100 -Hasło główne - nazwa osobowa [1, ]
    • a
    • Nazwa osobowa (NP)
    • Głaz, Stanisław
    • d
    • Daty biograficzne (NP)
    • (1952- ).
    • 9
    • KHW
    • 713461
245 -Strefa tytułu i oznaczenia odpowiedzialności [1,0]
    • a
    • Tytuł
    • Rodzina : Find
    • b
    • Ciąg dalszy tytułu (NP)
    • biologiczne i psychiczne podstawy jej funkcjonowania / Find
    • c
    • Pozostałe elementy strefy tytułu i oznaczenia odpowiedzialności (NP)
    • Stanisław Głaz, Krzysztof Grzeszek, Iwona Wiśniewska ; [Wydział Filozoficzny Towarzystwa Jezusowego w Krakowie. Instytut Kultury Religijnej].
246 -Wariant tytułu [1,5]
    • a
    • Tytuł (NP)
    • Famiglia
260 -Strefa adresu wydawniczego [ , ]
    • a
    • Miejsce wydania (P)
    • Kraków :
    • b
    • Nazwa wydawcy (P)
    • Wydział Filozoficzny Towarzystwa Jezusowego :
    • b
    • Nazwa wydawcy (P)
    • Wydaw. WAM - Księża Jezuici,
    • c
    • Data wydania (P)
    • 1996.
300 -Strefa opisu fizycznego [ , ]
    • a
    • Określenie formy książki i/lub objętość (NP)
    • 137, [3] s. ;
    • c
    • Format (NP)
    • 21 cm.
336 -Typ zawartości [ , ]
    • a
    • Termin opisujący typ zawartości
    • Tekst
    • b
    • Kod określający zawartość
    • txt
    • 2
    • Źródło (terminu i kodu)
    • rdacontent
337 -Typ mediów [ , ]
    • a
    • Tryb odtwarzania
    • Bez urządzenia pośredniczącego
    • b
    • Kod typu mediów
    • n
    • 2
    • Źródło (terminu i kodu)
    • rdamedia
338 -Typ/rodzaj nośnika [ , ]
    • a
    • Hasło opisujące typ nośnika
    • Wolumin
    • b
    • Kod typu nośnika
    • nc
    • 2
    • Źródło (terminu i kodu)
    • rdacarrier
504 -Uwaga dot. bibliogr. załącznikowej [ , ]
    • a
    • Uwaga dot. bibliografii załącznikowej
    • Bibliogr. s. 131-136.
546 -Uwaga dot. języka [ , ]
    • a
    • Uwaga dot. języka
    • Streszcz. wł.
080 -Uniwersalna Klasyfikacja Dziesiętna [ , ]
    • a
    • Symbol klasyfikacji
    • 612.6
    • 9
    • UKD
    • 4553
    • 2
    • Identyfikator wydania tablic
    • UDC-P058
    • b
    • Dopowiedzenie
    • Fizjologia rozrodu, wzrastania i rozwoju. Starzenie się. Długowieczność.
080 -Uniwersalna Klasyfikacja Dziesiętna [ , ]
    • a
    • Symbol klasyfikacji
    • :159.94
080 -Uniwersalna Klasyfikacja Dziesiętna [ , ]
    • a
    • Symbol klasyfikacji
    • :173
650 -Hasło przedmiotowe [ ,7]
    • a
    • Hasło przedmiotowe
    • Rodzina
    • x
    • Określnik rzeczowy
    • aspekt psychologiczny.
    • 2
    • Źródło terminu
    • kaba
    • 9
    • KHW
    • 127969
980 -Symbol UKD [ , ]
    • a
    • UKD
    • 612.6:159.94:173
700 -Hasło dodatkowe - nazwa osobowa [1, ]
    • a
    • Nazwa osobowa (NP)
    • Grzeszek, Krzysztof. Find
    • 9
    • KHW
    • 713460
700 -Hasło dodatkowe - nazwa osobowa [1, ]
    • a
    • Nazwa osobowa (NP)
    • Wiśniewska, Iwona. Find
    • 9
    • KHW
    • 713462
710 -Hasło dodatkowe - nazwa ciała zbiorowego [2, ]
    • a
    • Nazwa ciała zbiorowego lub nazwa geograficzna jako pierwszy element (NP)
    • Wydawnictwo WAM (Kraków).
    • 4
    • Kod relacji
    • pbl
    • 9
    • KHW
    • 52865
920 -ISBN [ , ]
    • a
    • ISBN
    • 83-905004-8-5 Find
    • q
    • Dopowiedzenie
    • Wydział Filozoficzny TJ
920 -ISBN [ , ]
    • a
    • ISBN
    • 83-7097-313-2 Find
    • q
    • Dopowiedzenie
    • Wydawnictwo WAM
Numer inwentarzowy Lokalizacja Status udost. Data inwentaryzacji
Pd.11368BG11998-08-19